00649cam a22002171 4500001001300000003000400013005001700017008004100034010001700075035002000092040001800112042001200130050001700142100004800159245005500207260007400262300001900336500001500355650004400370999001700414sa 68013645 DLC20260227112623.0890514s1967 xx 000 0 ara  asa 68013645  a(OCoLC)23499898 aDLCcMiUdDLC apremarc00aBP135.A3bA72 aAsh Shiddieqy, M. Hasbi,cT.,d1906-ecomp.10aMuḥāḍarāt fī aḥādīth al-tahdhīb. aJogjakarta,bBiro Kemahasiswaan "I. A. I. N. Sunan Kalidjaga,"c1967. a147 p.c21 cm. aRomanized. 0aHadithxCriticism, interpretation, etc. c85236d85236